Motivácia zamestnancov

Motivácia je niečo abstraktné. Základné zložky motivačného systému - hodnotenie, odmeňovanie, vzdelávanie a rozvoj. Odmeňovanie ako spôsob motivácie.

Guardado en:
Detalles Bibliográficos
Autor principal: Kohútová, Ľudmila
Formato: Capítulo de libro
Lenguaje:eslovaco
Materias:
Etiquetas: Agregar Etiqueta
Sin Etiquetas, Sea el primero en etiquetar este registro!

MARC

LEADER 00000naa a2200000 4500
001 0221757
005 20231120140003.7
041 0 |a slo 
044 |a SK 
245 1 0 |a Motivácia zamestnancov  |c Ľudmila Kohútová 
520 |a Motivácia je niečo abstraktné. Základné zložky motivačného systému - hodnotenie, odmeňovanie, vzdelávanie a rozvoj. Odmeňovanie ako spôsob motivácie. 
610 2 0 |a motivácia pracovná 
610 2 0 |a odmeňovanie 
100 1 |a Kohútová, Ľudmila